00381nam a22001217a 4500008004100000082001600041100002100057245005100078300000800129942001200137999001500149952009500164230619b xxu||||| |||| 00| 0 eng d a016.30bLIK cMuthoni Likimani aWomen of Kenya bFifteen years of independence a76p 2ddccBK c1152d1152 00102ddc4070a001b001d2023-06-19l0o016.30 LIKp10010765r2023-06-19w2023-06-19yBK